All 1M Cities Starting with “L” to Country - Statistics

General Stats
  • This quiz has been taken 272 times
  • The average score is 23 of 26
Answer Stats
City Country % Correct
Liverpool United Kingdom
100%
Las Vegas United States
100%
Los Angeles United States
100%
Lisbon Portugal
99%
London United Kingdom
99%
Louisville United States
99%
Lanzhou China
97%
Liuzhou China
97%
Lyon France
97%
Lagos Nigeria
97%
Lima Peru
97%
Leeds United Kingdom
97%
La Paz Bolivia
96%
Lille France
94%
Lianyungang China
92%
Luoyang China
92%
Lahore Pakistan
92%
Luanda Angola
87%
Linyi China
82%
Lilongwe Malawi
79%
Lucknow India
78%
Lomé Togo
78%
Lusaka Zambia
78%
León Mexico
77%
Ludhiana India
70%
Lubumbashi Democratic Republic of the Congo
69%
No matching quizzes found
Score Distribution
Percent of People with Each Score
Percentile by Number Answered
Your Score History
You have not taken this quiz